| 000 | 01189nas a2200337 4500 | ||
|---|---|---|---|
| 001 | BR2012004469 | ||
| 003 | BR-BrBNA | ||
| 005 | 20231205120736.0 | ||
| 007 | ta | ||
| 008 | 230509b bl.|||p| |||| 00| 00por d | ||
| 040 |
_aBR-BrBNA _bpor _cBiblioteca Nacional de Agricultura |
||
| 041 | _a(Pt) | ||
| 072 | _aL72 | ||
| 100 | 1 | _ad'Alencar, A.S. | |
| 100 | 1 | _aFarias, M.P.O. | |
| 100 | 1 | _aLima, M.M. de | |
| 100 | 1 | _aSantos, F.L. dos | |
| 100 | 1 | _aAlves, L.C. | |
| 100 | 1 | _aFaustino, M.A. da G. | |
| 245 | 1 | _aPrevalência da infecção por Ascaris suum e achados macro e microscópicos em fígados de suínos abatidos na região metropolitana de Recife e Zona da Mata de Pernambuco | |
| 246 | 1 | _aAscaris suum prevalence and strutural changes in liver of swines from metropolitan region of region of Recife and Zona da Mata of Pernambuco state | |
| 650 | _aSUÍNO | ||
| 650 | _aASCARIASE | ||
| 650 | _aPARASITO DE ANIMAL | ||
| 650 | _aASCARIS SUUM | ||
| 650 | _aHELMINTO | ||
| 650 | _aFÍGADO | ||
| 773 | 0 |
_tRevista CFMV (Brazil) _xISSN 1517-6959 _g(Jan-Apr 2012), v. 18(55) p. 49-57 _wBR2012004469 |
|
| 909 |
_a202311 _bLúcia _c55 _dLúcia Elande |
||
| 942 |
_2AGRIS _n0 _cANA |
||
| 999 |
_c220067 _d220067 |
||